Dom Carlos et autres nouvelles françaises du XVIIe siècle / (Record no. 113258)

MARC details
000 -LEADER
campo de control de longitud fija 00792nam a2200241 i 4500
001 - NÚMERO DE CONTROL
campo de control 113258
003 - IDENTIFICADOR DE NÚMERO DE CONTROL
campo de control ES-MaACL
005 - FECHA Y HORA DE LA ÚLTIMA TRANSACCIÓN
campo de control 20230906185822.0
007 - CAMPO FIJO DE DESCRIPCIÓN FÍSICA--INFORMACIÓN GENERAL
campo de control de longitud fija t|
008 - DATOS DE LONGITUD FIJA--INFORMACIÓN GENERAL
campo de control de longitud fija 070221s1995 fr ||||1| fre d
020 ## - NÚMERO INTERNACIONAL ESTÁNDAR DEL LIBRO
Número Internacional Estándar del Libro 2-07-039330-5
080 ## - NÚMERO DE LA CLASIFICACIÓN DECIMAL UNIVERSAL
Número de la Clasificación Decimal Universal 821.133.1-34"17"(082.2)
245 00 - MENCIÓN DEL TÍTULO
Título Dom Carlos et autres nouvelles françaises du XVIIe siècle /
Mención de responsabilidad, etc. édition présentée, établie et annotée par Roger Guichermerre.
260 ## - PUBLICACIÓN, DISTRIBUCIÓN, ETC.
Lugar de publicación, distribución, etc. [Paris] :
Nombre del editor, distribuidor, etc. Gallimard,
Fecha de publicación, distribución, etc. [1995]
300 ## - DESCRIPCIÓN FÍSICA
Extensión 458 p. ;
Dimensiones 18 cm.
490 1# - MENCIÓN DE SERIE
Mención de serie Folio. Classique
500 ## - NOTA GENERAL
Nota general Biblioteca Jacinto Martínez Lacalle.
650 14 - PUNTO DE ACCESO ADICIONAL DE MATERIA--TÉRMINO DE MATERIA
Término de materia o nombre geográfico como elemento de entrada Cuentos franceses-
Subdivisión cronológica S.XVIII.
9 (RLIN) 11489
700 1# - ENTRADA AGREGADA--NOMBRE PERSONAL
Nombre de persona Guichemerre, Roger.
9 (RLIN) 60648
830 0# - PUNTO DE ACCESO ADICIONAL DE SERIE-TÍTULO UNIFORME
Título uniforme Folio. Classique
9 (RLIN) 233177
852 ## - LOCALIZACIÓN
Ubicación ES-MaACL
Número de control de estantería E-11625
Sublocalización o colección R.139649
Holdings
Estatus retirado Estado de pérdida Estado de daño No para préstamo Biblioteca de origen Biblioteca actual Ubicación en estantería Fecha de adquisición Fuente de adquisición Total de préstamos Signatura topográfica completa Código de barras Visto por última vez Precio de reemplazo Tipo de ítem Koha
        Biblioteca del Ateneo de Madrid Biblioteca del Ateneo de Madrid Depósito 2 17/01/2008     E-11625 1118132 23/02/2023 23/02/2023 Libro impreso